[Event "CAN-op"]
[Site "Sackville CAN"]
[Date "2001.07.12"]
[Round "7"]
[White "Zimninski, Nick"]
[Black "Thiede, Gunther"]
[Result "0-1"]
[WhiteElo "1840"]
[BlackElo "1700"]
[PlyCount "76"]
[GameId "2160767911564258"]
[EventDate "2001.07.07"]
[EventType "swiss"]
[EventRounds "10"]
[EventCountry "CAN"]
[SourceTitle "EXT 2006"]
[Source "ChessBase"]
[SourceDate "2005.11.24"]
[SourceVersion "1"]
[SourceVersionDate "2005.11.24"]
[SourceQuality "1"]

1. d4 d5 2. Nf3 Nf6 3. e3 e6 4. Bd3 Be7 5. Nbd2 c5 6. c3 c4 7. Bc2 O-O 8. O-O Bd6 9. e4 dxe4 10. Nxe4 Nxe4 11. Bxe4 h6 12. Qe2 Qc7 13. Ne5 Nd7 14. f4 Nf6 15. Bc2 b5 16. a4 Bd7 17. axb5 Bxb5 18. Bd2 Rab8 19. Rae1 a5 20. Bc1 Rb7 21. Rf3 Be7 22. Rg3 Kh8 23. f5 Bd7 24. Nxf7+ Rxf7 25. fxe6 Bxe6 26. Qxe6 Bd6 27. Qe2 Bxg3 28. Qe8+ Ng8 29. hxg3 Re7 30. Rxe7 Qxe7 31. Qg6 Nf6 32. Bf4 Qf7 33. Qf5 Rxb2 34. Be5 Rxc2 35. Qxc2 Nd5 36. Qd2 Kh7 37. Qa2 Nxc3 38. Qxa5 Ne2+ 0-1

[Event "CAN-op"]
[Site "Sackville CAN"]
[Date "2001.07.13"]
[Round "8"]
[White "Chranowski, Rick"]
[Black "Bowles, Charles"]
[Result "1/2-1/2"]
[WhiteElo "1913"]
[BlackElo "1609"]
[PlyCount "63"]
[GameId "2160767911564260"]
[EventDate "2001.07.07"]
[EventType "swiss"]
[EventRounds "10"]
[EventCountry "CAN"]
[SourceTitle "EXT 2006"]
[Source "ChessBase"]
[SourceDate "2005.11.24"]
[SourceVersion "1"]
[SourceVersionDate "2005.11.24"]
[SourceQuality "1"]

1. Nc3 g6 2. f4 d5 3. e4 dxe4 4. Nxe4 Bg7 5. Nf3 Nf6 6. Nf2 Ng4 7. Nxg4 Bxg4 8. Bc4 Bxf3 9. Qxf3 Qc8 10. c3 c5 11. d3 a6 12. Be3 Nd7 13. O-O O-O 14. Bb3 b5 15. Rac1 c4 16. dxc4 bxc4 17. Ba4 Nc5 18. Bc6 Nd3 19. Rc2 Rb8 20. Rb1 Qc7 21. Kh1 Rfc8 22. Be4 Nc5 23. Rd2 e6 24. Rbd1 Nd3 25. Bxd3 cxd3 26. Qe4 Qc4 27. Qxc4 Rxc4 28. Kg1 Bf6 29. Kf2 e5 30. g3 e4 31. g4 h6 32. Kg3 1/2-1/2

[Event "CAN-op"]
[Site "Sackville CAN"]
[Date "2001.07.13"]
[Round "8"]
[White "Erickson, John"]
[Black "Tremblay, Brent"]
[Result "0-1"]
[WhiteElo "1805"]
[BlackElo "1630"]
[PlyCount "94"]
[GameId "2160767911564262"]
[EventDate "2001.07.07"]
[EventType "swiss"]
[EventRounds "10"]
[EventCountry "CAN"]

1. c4 c6 2. Nc3 d5 3. cxd5 cxd5 4. d4 Nf6 5. Nf3 e6 6. a3 Bd6 7. Bg5 O-O 8. g3 Nbd7 9. Bg2 a6 10. Rc1 b5 11. O-O Qb6 12. Re1 Bb7 13. Bxf6 Nxf6 14. Ne5 Rfd8 15. e3 Rac8 16. b4 Bxe5 17. dxe5 Ne4 18. Nxe4 dxe4 19. Rxc8 Rxc8 20. Qd6 Qxd6 21. exd6 Bd5 22. h4 g6 23. Rd1 Rd8 24. Kf1 f5 25. Rc1 Bc4+ 26. Ke1 Rxd6 27. Rc3 Kf7 28. Bf1 Bxf1 29. Kxf1 Rd3 30. Rc7+ Kg8 31. a4 bxa4 32. Rc6 Rb3 33. Rxa6 Rxb4 34. Rxe6 Rb1+ 35. Kg2 a3 36. Ra6 Ra1 37. Ra7 a2 38. Kh2 Kf8 39. Kg2 Ke8 40. Kh2 Kd8 41. Rxh7 Rd1 42. g4 a1=Q 43. gxf5 gxf5 44. h5 Rh1+ 45. Kg3 Qe5+ 46. f4 exf3+ 47. Kxf3 Qe4+ 0-1

[Event "CAN-op"]
[Site "Sackville CAN"]
[Date "2001.07.13"]
[Round "8"]
[White "Faust, Steven"]
[Black "Venning, Ron"]
[Result "1-0"]
[WhiteElo "1839"]
[BlackElo "1655"]
[PlyCount "58"]
[GameId "2160767911564263"]
[EventDate "2001.07.07"]
[EventType "swiss"]
[EventRounds "10"]
[EventCountry "CAN"]
[SourceTitle "EXT 2006"]
[Source "ChessBase"]
[SourceDate "2005.11.24"]
[SourceVersion "1"]
[SourceVersionDate "2005.11.24"]
[SourceQuality "1"]

1. c4 b6 2. e4 Bb7 3. Nc3 e6 4. Nf3 g6 5. d4 Bb4 6. Bd3 Ne7 7. Bh6 f5 8. e5 d5 9. O-O Bxc3 10. bxc3 Qd7 11. a4 a5 12. Nd2 Nbc6 13. Nb3 dxc4 14. Bxc4 Nd5 15. Qd2 O-O-O 16. Bb5 Qf7 17. c4 Nde7 18. Bg5 Nxe5 19. Qe3 Ng4 20. Qg3 h6 21. Bxe7 Qxe7 22. c5 Bd5 23. cxb6 Bxb3 24. Rac1 Rh7 25. Rxc7+ Qxc7 26. bxc7 Rxc7 27. Qxb3 Rd6 28. h3 Nf6 29. Qg3 Nd5 1-0

[Event "CAN-op"]
[Site "Sackville CAN"]
[Date "2001.07.13"]
[Round "8"]
[White "Fischdick, Gisela"]
[Black "Sauve, Richard"]
[Result "1-0"]
[WhiteElo "2250"]
[BlackElo "1945"]
[PlyCount "61"]
[GameId "2160767911564264"]
[EventDate "2001.07.07"]
[EventType "swiss"]
[EventRounds "10"]
[EventCountry "CAN"]

1. d4 d5 2. Bg5 h6 3. Bh4 c5 4. dxc5 Qa5+ 5. Nc3 Nc6 6. Qd2 Bf5 7. e3 e6 8. Nb5 Nb4 9. Rc1 a6 10. Nd4 Qxc5 11. a3 Nc6 12. Nxf5 exf5 13. Nf3 Be7 14. Bxe7 Ngxe7 15. Be2 O-O 16. O-O Rfd8 17. b4 Qd6 18. c4 dxc4 19. Qxd6 Rxd6 20. Rxc4 b5 21. Rc5 g6 22. Rfc1 Rad8 23. g3 Nb8 24. h4 Rc6 25. Nd4 Rxc5 26. Rxc5 Rc8 27. Bf3 Nd7 28. Rxc8+ Nxc8 29. Bb7 Nd6 30. Bxa6 Nb6 31. Bxb5 1-0

[Event "CAN-op"]
[Site "Sackville CAN"]
[Date "2001.07.13"]
[Round "8"]
[White "Fleury, Bruce"]
[Black "Miller, Brian"]
[Result "1/2-1/2"]
[WhiteElo "1669"]
[BlackElo "1792"]
[PlyCount "162"]
[GameId "2160767911564265"]
[EventDate "2001.07.07"]
[EventType "swiss"]
[EventRounds "10"]
[EventCountry "CAN"]
[SourceTitle "EXT 2006"]
[Source "ChessBase"]
[SourceDate "2005.11.24"]
[SourceVersion "1"]
[SourceVersionDate "2005.11.24"]
[SourceQuality "1"]

1. e4 c5 2. f4 Nc6 3. Bb5 d6 4. Bxc6+ bxc6 5. d3 Nf6 6. e5 Nd5 7. Nf3 g6 8. O-O Bg7 9. Qe1 O-O 10. h3 Nb4 11. Na3 Nd5 12. Nc4 Nb6 13. Ncd2 d5 14. c4 Qc7 15. Nb3 Nd7 16. Be3 Qb6 17. Qf2 d4 18. Bd2 a5 19. Bc1 Re8 20. Ng5 Nf8 21. g4 a4 22. Nd2 f6 23. Nge4 f5 24. Ng3 fxg4 25. hxg4 Bxg4 26. Nde4 Bf5 27. Nxf5 gxf5 28. Ng5 e6 29. Qh2 Ra7 30. Rf3 h6 31. Nh3 Kf7 32. Rg3 Ree7 33. Kf2 Ke8 34. Qg1 Qb4 35. Qd1 Kd8 36. Rb1 Qb8 37. Bd2 Reb7 38. Bc1 Qc7 39. b3 Qb8 40. Qc2 axb3 41. axb3 Qa8 42. Kf3 Ke8 43. Qg2 Rf7 44. Nf2 Rab7 45. Nd1 Qb8 46. Qc2 Nh7 47. Rg2 Bf8 48. Rg6 Qc8 49. Nb2 Rg7 50. Rxg7 Rxg7 51. Na4 Qc7 52. Ba3 Qf7 53. Qh2 Qg6 54. Kf2 Qg4 55. Rg1 Qxg1+ 56. Qxg1 Rxg1 57. Kxg1 Be7 58. Bxc5 Bxc5 59. Nxc5 Nf8 60. Kf2 Ke7 61. b4 Nd7 62. Nb3 c5 63. bxc5 Nf8 64. Nxd4 Ng6 65. Kg3 h5 66. Ne2 Kd7 67. d4 Kc6 68. Kh3 Kc7 69. d5 Kd7 70. Kg3 h4+ 71. Kf3 Kc7 72. Nd4 exd5 73. cxd5 h3 74. Ne6+ Kd7 75. Kg3 Ne7 76. c6+ Kc8 77. d6 Nxc6 78. Kxh3 Kd7 79. Kh4 Kxe6 80. Kg5 Nd8 81. Kg6 Nb7 1/2-1/2

[Event "CAN-op"]
[Site "Sackville CAN"]
[Date "2001.07.13"]
[Round "8"]
[White "Godin, Robert"]
[Black "Richard, Andy"]
[Result "0-1"]
[WhiteElo "1343"]
[BlackElo "1675"]
[PlyCount "54"]
[GameId "2160767911564266"]
[EventDate "2001.07.07"]
[EventType "swiss"]
[EventRounds "10"]
[EventCountry "CAN"]
[SourceTitle "EXT 2006"]
[Source "ChessBase"]
[SourceDate "2005.11.24"]
[SourceVersion "1"]
[SourceVersionDate "2005.11.24"]
[SourceQuality "1"]

1. e4 Nf6 2. e5 Nd5 3. d4 d6 4. exd6 cxd6 5. Nf3 Bg4 6. Nbd2 g6 7. b3 Nc3 8. Be2 Nxd1 9. Bxd1 Bg7 10. c3 O-O 11. Bb2 e5 12. dxe5 dxe5 13. h3 Bxf3 14. Bxf3 Nc6 15. O-O-O Rc8 16. Ba3 Re8 17. Nc4 Qg5+ 18. Kc2 Red8 19. Nd6 Nd4+ 20. Kb1 Rxd6 21. Bxd6 Nxf3 22. gxf3 Qf5+ 23. Kb2 Qxf3 24. Bb4 Qxf2+ 25. Kb1 e4 26. Rd5 Bxc3 27. Bxc3 Rxc3 0-1

[Event "CAN-op"]
[Site "Sackville CAN"]
[Date "2001.07.13"]
[Round "8"]
[White "Gustafson, Dale"]
[Black "Chevalier, Francois"]
[Result "1/2-1/2"]
[WhiteElo "1866"]
[BlackElo "1671"]
[PlyCount "110"]
[GameId "2160767911564267"]
[EventDate "2001.07.07"]
[EventType "swiss"]
[EventRounds "10"]
[EventCountry "CAN"]
[SourceTitle "EXT 2006"]
[Source "ChessBase"]
[SourceDate "2005.11.24"]
[SourceVersion "1"]
[SourceVersionDate "2005.11.24"]
[SourceQuality "1"]

1. e4 d6 2. d4 Nf6 3. Nc3 g6 4. f3 Bg7 5. Be3 c6 6. Qd2 b5 7. Bh6 Bxh6 8. Qxh6 Nbd7 9. Bd3 b4 10. Nd1 e5 11. Ne2 Qe7 12. O-O Bb7 13. Nf2 Qf8 14. Qd2 a5 15. a3 c5 16. dxe5 dxe5 17. Bb5 Qe7 18. Qh6 Qf8 19. Qe3 Qe7 20. axb4 cxb4 21. Rfd1 O-O 22. Qg5 Qe6 23. Ng3 Kh8 24. Rd2 Bc6 25. Bxc6 Qxc6 26. Rad1 Ra6 27. h4 a4 28. Nd3 Qb6+ 29. Kh2 Re8 30. Nc1 Qe6 31. Qe3 Rc8 32. h5 a3 33. bxa3 bxa3 34. Nb3 Rac6 35. Na1 Ra6 36. h6 Rca8 37. Qc3 a2 38. Qb3 Qe7 39. Ne2 Rb6 40. Rxd7 Nxd7 41. Qe3 Rb1 42. Qd2 Rxd1 43. Qxd1 Nc5 44. g3 Qd7 45. Qc1 Ne6 46. Kg2 f6 47. Nc3 Kg8 48. Nd5 Qd8 49. Qb2 Ra7 50. Nxf6+ Kf7 51. Nd5 Qa5 52. Qxe5 Qd2+ 53. Kf1 Qd1+ 54. Kg2 Qd2+ 55. Kf1 Qd1+ 1/2-1/2

[Event "CAN-op"]
[Site "Sackville CAN"]
[Date "2001.07.13"]
[Round "8"]
[White "Hathaway, John"]
[Black "Jew, Harold"]
[Result "1-0"]
[WhiteElo "2129"]
[BlackElo "1843"]
[PlyCount "73"]
[GameId "2160767911564268"]
[EventDate "2001.07.07"]
[EventType "swiss"]
[EventRounds "10"]
[EventCountry "CAN"]
[SourceTitle "EXT 2006"]
[Source "ChessBase"]
[SourceDate "2005.11.24"]
[SourceVersion "1"]
[SourceVersionDate "2005.11.24"]
[SourceQuality "1"]

1. d4 b5 2. Nf3 Bb7 3. c3 e6 4. Bf4 Nf6 5. e3 a6 6. h3 Be7 7. Nbd2 d6 8. a4 c6 9. Bd3 Nbd7 10. O-O O-O 11. Rc1 d5 12. Ne5 b4 13. c4 c5 14. Nb3 Nxe5 15. Bxe5 Nd7 16. Bg3 dxc4 17. Bxc4 cxd4 18. Nxd4 Nb6 19. Bb3 Rc8 20. Qe2 Bd6 21. Bxd6 Qxd6 22. Rfd1 Qe5 23. f4 Qf6 24. Nf3 Bd5 25. Bxd5 Nxd5 26. Ne5 Qe7 27. Kh2 Qa7 28. Rd4 Nxf4 29. Rxf4 b3 30. Rd1 Rc2 31. Qf3 Rxb2 32. Rd7 Qb8 33. Nc6 Qe8 34. Re7 Rb1 35. Rxe8 Rxe8 36. Rxf7 b2 37. Ne7+ 1-0

[Event "CAN-op"]
[Site "Sackville CAN"]
[Date "2001.07.13"]
[Round "8"]
[White "Hill, Rod"]
[Black "Smith, Andrew I"]
[Result "1-0"]
[WhiteElo "1799"]
[BlackElo "1922"]
[PlyCount "55"]
[GameId "2160767911564269"]
[EventDate "2001.07.07"]
[EventType "swiss"]
[EventRounds "10"]
[EventCountry "CAN"]
[SourceTitle "EXT 2006"]
[Source "ChessBase"]
[SourceDate "2005.11.24"]
[SourceVersion "1"]
[SourceVersionDate "2005.11.24"]
[SourceQuality "1"]

1. e4 c6 2. Nc3 d5 3. Nf3 Bg4 4. h3 Bh5 5. exd5 cxd5 6. Bb5+ Nc6 7. g4 Bg6 8. Ne5 Rc8 9. d4 e6 10. Qe2 Be7 11. Bf4 Bh4 12. O-O-O Kf8 13. Nxg6+ hxg6 14. Bh2 Nge7 15. Qe3 Qb6 16. f4 Bf6 17. Bg1 Nxd4 18. Rxd4 Rxc3 19. Qxc3 Qxb5 20. Qb4 Qf1+ 21. Rd1 Bxb2+ 22. Qxb2 Qxf4+ 23. Kb1 Qf3 24. Bd4 Rxh3 25. Bxg7+ Kg8 26. Rhg1 Rg3 27. Bh6 Qc3 28. Rxg3 1-0

[Event "CAN-op"]
[Site "Sackville CAN"]
[Date "2001.07.13"]
[Round "8"]
[White "Johnson, Kyle"]
[Black "Haley, Phil"]
[Result "1-0"]
[WhiteElo "1745"]
[BlackElo "1883"]
[PlyCount "107"]
[GameId "2160767911564270"]
[EventDate "2001.07.07"]
[EventType "swiss"]
[EventRounds "10"]
[EventCountry "CAN"]
[SourceTitle "EXT 2006"]
[Source "ChessBase"]
[SourceDate "2005.11.24"]
[SourceVersion "1"]
[SourceVersionDate "2005.11.24"]
[SourceQuality "1"]

1. d4 d6 2. Nf3 Bg4 3. Bf4 Nf6 4. Nbd2 Nh5 5. Bg3 Nxg3 6. hxg3 Nd7 7. e4 e5 8. c3 c6 9. Bc4 b5 10. Bb3 c5 11. Bd5 Rc8 12. dxe5 Nxe5 13. Qc2 c4 14. Nxe5 dxe5 15. f3 Bd7 16. Nf1 Bc5 17. O-O-O Qe7 18. Qe2 Qg5+ 19. Kb1 Rd8 20. g4 g6 21. g3 Kf8 22. Nh2 Qe3 23. Rhe1 Qf2 24. Nf1 Qxe2 25. Rxe2 Kg7 26. Red2 Rb8 27. Bxf7 Bxg4 28. fxg4 Kxf7 29. Rd5 Bb6 30. Rxb5 Rhd8 31. Rbd5 Rxd5 32. Rxd5 Rd8 33. Rxd8 Bxd8 34. Nd2 Kf6 35. Nxc4 Bc7 36. Ne3 Bb6 37. Nd5+ Kg5 38. Nxb6 axb6 39. a4 Kxg4 40. a5 bxa5 41. c4 Kxg3 42. c5 h5 43. c6 h4 44. c7 h3 45. c8=Q h2 46. Qc3+ Kg2 47. Qd2+ Kh3 48. Qh6+ Kg2 49. Qxg6+ Kh3 50. Qh5+ Kg2 51. Qg4+ Kh1 52. Qg3 a4 53. Qxe5 a3 54. Qxh2+ 1-0

[Event "CAN-op"]
[Site "Sackville CAN"]
[Date "2001.07.13"]
[Round "8"]
[White "Kekely, John"]
[Black "Gregorz, Ralph"]
[Result "0-1"]
[WhiteElo "1903"]
[BlackElo "2050"]
[PlyCount "90"]
[GameId "2160767911564271"]
[EventDate "2001.07.07"]
[EventType "swiss"]
[EventRounds "10"]
[EventCountry "CAN"]
[SourceTitle "EXT 2006"]
[Source "ChessBase"]
[SourceDate "2005.11.24"]
[SourceVersion "1"]
[SourceVersionDate "2005.11.24"]
[SourceQuality "1"]

1. e4 e6 2. d4 d5 3. exd5 exd5 4. Nf3 Bd6 5. Bd3 Nc6 6. O-O Nge7 7. Re1 O-O 8. Bg5 Nb4 9. Nc3 f6 10. Be3 Nxd3 11. Qxd3 Bf5 12. Qd2 Qd7 13. Nh4 c6 14. Nxf5 Qxf5 15. Ne2 Ng6 16. Ng3 Qd7 17. Re2 f5 18. f4 Rae8 19. Rae1 Qc7 20. Rf1 Ne7 21. Ref2 g6 22. b3 Kg7 23. c4 Qd7 24. Re1 Ng8 25. cxd5 cxd5 26. Qa5 Nf6 27. Rfe2 b6 28. Qd2 Qb5 29. Qc1 h5 30. Bd2 Rc8 31. Qb1 Ne4 32. Nxe4 dxe4 33. Kh1 Qd5 34. Qb2 Rc6 35. Rc1 Rfc8 36. Ree1 Kf7 37. Rxc6 Rxc6 38. Rc1 Rxc1+ 39. Qxc1 Qxd4 40. Be3 Qd5 41. Qc8 Qd1+ 42. Bg1 Bc5 43. Qc7+ Kg8 44. Qb8+ Kh7 45. Qxa7+ Kh6 0-1

[Event "CAN-op"]
[Site "Sackville CAN"]
[Date "2001.07.13"]
[Round "8"]
[White "Kleist, Frederick"]
[Black "Bluvshtein, Mark"]
[Result "1-0"]
[WhiteElo "2170"]
[BlackElo "2275"]
[PlyCount "87"]
[GameId "2160767911564272"]
[EventDate "2001.07.07"]
[EventType "swiss"]
[EventRounds "10"]
[EventCountry "CAN"]

1. d4 e6 2. c4 Nf6 3. Nf3 Bb4+ 4. Nbd2 d5 5. Qa4+ Nc6 6. e3 Bd7 7. Qc2 O-O 8. a3 Bxd2+ 9. Bxd2 Ne4 10. Bd3 Nxd2 11. Nxd2 h6 12. O-O dxc4 13. Nxc4 Rc8 14. b4 a6 15. Rac1 Qe7 16. Bh7+ Kh8 17. Be4 Rfd8 18. f4 f6 19. Rf2 Rb8 20. Qb3 Na7 21. Na5 c6 22. Bb1 Kg8 23. Qd3 Kf8 24. Nc4 Nc8 25. Ne5 Qe8 26. Qh7 Ne7 27. Qh8+ Ng8 28. Bg6 Qe7 29. Bh7 Qf7 30. Nxf7 Kxf7 31. Bxg8+ Rxg8 32. Qh7 f5 33. e4 Rh8 34. Qxh8 Rxh8 35. exf5 exf5 36. Re2 Re8 37. Rxe8 Bxe8 38. d5 Bd7 39. Kf2 g5 40. g3 Kg7 41. dxc6 Bxc6 42. Ke3 h5 43. Rd1 h4 44. gxh4 1-0

[Event "CAN-op"]
[Site "Sackville CAN"]
[Date "2001.07.13"]
[Round "8"]
[White "Livingstone, James"]
[Black "Lipnowski, Michael"]
[Result "0-1"]
[WhiteElo "1609"]
[BlackElo "1767"]
[PlyCount "116"]
[GameId "2160767911564275"]
[EventDate "2001.07.07"]
[EventType "swiss"]
[EventRounds "10"]
[EventCountry "CAN"]
[SourceTitle "EXT 2006"]
[Source "ChessBase"]
[SourceDate "2005.11.24"]
[SourceVersion "1"]
[SourceVersionDate "2005.11.24"]
[SourceQuality "1"]

1. d4 d5 2. Nf3 Nf6 3. Bf4 e6 4. e3 c5 5. c3 Nc6 6. Bd3 Be7 7. h3 O-O 8. Nbd2 b6 9. O-O Bb7 10. Ne5 a6 11. Bh2 b5 12. f4 b4 13. Ndf3 a5 14. Nxc6 Bxc6 15. Ne5 Bb7 16. Bc2 Ne4 17. Bxe4 dxe4 18. f5 a4 19. a3 bxc3 20. dxc5 cxb2 21. Rb1 Qxd1 22. Rfxd1 Bxc5 23. Rxb2 Bxe3+ 24. Kh1 Bd5 25. fxe6 fxe6 26. Rdb1 Bc5 27. Nd7 Bxa3 28. Nxf8 Bxb2 29. Rxb2 a3 30. Rb8 Rxb8 31. Bxb8 Kxf8 32. Be5 a2 33. Kg1 g5 34. g3 Kf7 35. Kf2 Kg6 36. g4 e3+ 37. Kxe3 Bg2 38. Kf2 Bxh3 39. Kg3 Bf1 40. Kf2 Bc4 41. Kg3 h5 42. gxh5+ Kxh5 43. Ba1 Kg6 44. Kf3 Kf5 45. Kg3 Ke4 46. Kf2 Kd3 47. Kf3 Kc2 48. Kg4 Kb1 49. Be5 a1=Q 50. Bxa1 Kxa1 51. Kxg5 Kb2 52. Kf4 Kc3 53. Ke3 Bd3 54. Kf4 Kd4 55. Kf3 e5 56. Kf2 e4 57. Ke1 Ke3 58. Kd1 Kf2 0-1

[Event "CAN-op"]
[Site "Sackville CAN"]
[Date "2001.07.13"]
[Round "8"]
[White "MacFie, Bob"]
[Black "Piggott, Scott"]
[Result "1-0"]
[WhiteElo "1655"]
[BlackElo "1605"]
[PlyCount "39"]
[GameId "2160767911564277"]
[EventDate "2001.07.07"]
[EventType "swiss"]
[EventRounds "10"]
[EventCountry "CAN"]

1. f4 d6 2. Nf3 Bg4 3. e4 Nf6 4. h3 Bxf3 5. Qxf3 e5 6. Bc4 Nbd7 7. Qb3 Qe7 8. Qxb7 Nb6 9. Bb5+ Kd8 10. O-O d5 11. fxe5 Nxe4 12. d4 f6 13. Nc3 Qb4 14. Rf3 Nxc3 15. Rxc3 Qxd4+ 16. Be3 Qxe5 17. Bxb6 Rc8 18. Re3 Bc5 19. Bxc5 Qxb2 20. Be7# 1-0

[Event "CAN-op"]
[Site "Sackville CAN"]
[Date "2001.07.13"]
[Round "8"]
[White "Marghetis, Aris"]
[Black "Candow, John"]
[Result "1-0"]
[WhiteElo "1941"]
[BlackElo "1658"]
[PlyCount "39"]
[GameId "2160767911564278"]
[EventDate "2001.07.07"]
[EventType "swiss"]
[EventRounds "10"]
[EventCountry "CAN"]
[SourceTitle "EXT 2006"]
[Source "ChessBase"]
[SourceDate "2005.11.24"]
[SourceVersion "1"]
[SourceVersionDate "2005.11.24"]
[SourceQuality "1"]

1. e4 e6 2. d3 c5 3. Nd2 Nc6 4. g3 g6 5. Bg2 Bg7 6. Ngf3 Nge7 7. O-O O-O 8. Re1 Qc7 9. a4 b6 10. e5 Ba6 11. Nc4 Bxc4 12. dxc4 Rad8 13. Bf4 Nf5 14. c3 b5 15. Qe2 Qc8 16. Rad1 Na5 17. Nd2 Qa6 18. b4 cxb4 19. cxb4 Nd4 20. Qd3 1-0

[Event "CAN-op"]
[Site "Sackville CAN"]
[Date "2001.07.13"]
[Round "8"]
[White "Mazzarelli, Ariel"]
[Black "Cooke, Mathew G"]
[Result "1-0"]
[WhiteElo "1997"]
[BlackElo "1706"]
[PlyCount "79"]
[GameId "2160767911564279"]
[EventDate "2001.07.07"]
[EventType "swiss"]
[EventRounds "10"]
[EventCountry "CAN"]
[SourceTitle "EXT 2006"]
[Source "ChessBase"]
[SourceDate "2005.11.24"]
[SourceVersion "1"]
[SourceVersionDate "2005.11.24"]
[SourceQuality "1"]

1. c4 c5 2. Nc3 Nc6 3. Nf3 Nf6 4. g3 g6 5. Bg2 e6 6. d4 cxd4 7. Nxd4 Bg7 8. Ndb5 O-O 9. O-O a6 10. Nd6 Ne8 11. Be3 Nxd6 12. Qxd6 Qe7 13. Qxe7 Nxe7 14. Bc5 Re8 15. Na4 Be5 16. Rad1 d5 17. b3 dxc4 18. Nb6 Rb8 19. Bxe7 cxb3 20. axb3 Rxe7 21. Rd8+ Kg7 22. Rxc8 Rxc8 23. Nxc8 Rc7 24. Nb6 Bd4 25. Na8 Rc8 26. Bxb7 Rb8 27. Bf3 Rxb3 28. e3 Be5 29. Rd1 a5 30. Bc6 Rb4 31. Rd2 Rc4 32. Bd7 Rb4 33. Ra2 Rb1+ 34. Kg2 Ra1 35. Rxa1 Bxa1 36. Nb6 Bc3 37. Nc4 Kf6 38. Kf3 Kg5 39. h3 h6 40. Nd6 1-0

[Event "CAN-op"]
[Site "Sackville CAN"]
[Date "2001.07.13"]
[Round "8"]
[White "Mulyar, Michael"]
[Black "Christiansen, Larry"]
[Result "0-1"]
[WhiteElo "2430"]
[BlackElo "2570"]
[PlyCount "70"]
[GameId "2160767911564280"]
[EventDate "2001.07.07"]
[EventType "swiss"]
[EventRounds "10"]
[EventCountry "CAN"]
[SourceTitle "EXT 2002"]
[Source "ChessBase"]
[SourceDate "2001.11.25"]
[SourceVersion "1"]
[SourceVersionDate "2001.11.25"]
[SourceQuality "1"]

1. c4 Nf6 2. Nc3 e5 3. Nf3 Nc6 4. g3 Nd4 5. Bg2 Nxf3+ 6. Bxf3 Bb4 7. d3 h6 8. O-O O-O 9. Bd2 a5 10. Nd5 Nxd5 11. cxd5 Bxd2 12. Qxd2 c5 13. d6 Rb8 14. Qc3 b6 15. Qxe5 Re8 16. Qc3 Ba6 17. b3 Re6 18. a3 Rc8 19. Qb2 Qf6 20. Qxf6 Rxf6 21. b4 Bxd3 22. bxa5 Rxf3 23. exf3 Bxf1 24. Kxf1 bxa5 25. Rb1 Rc6 26. Rb5 a4 27. Ke2 f5 28. Ra5 Kf7 29. Rxa4 Ke6 30. Ra8 Rxd6 31. f4 c4 32. Re8+ Kd5 33. Kd2 Kd4 34. Rd8 Kc5+ 35. Kc2 Rd3 0-1

[Event "CAN-op"]
[Site "Sackville CAN"]
[Date "2001.07.13"]
[Round "8"]
[White "Nathani, Kaleim"]
[Black "Gilks, James"]
[Result "1-0"]
[WhiteElo "1867"]
[BlackElo "1691"]
[PlyCount "61"]
[GameId "2160767911564281"]
[EventDate "2001.07.07"]
[EventType "swiss"]
[EventRounds "10"]
[EventCountry "CAN"]
[SourceTitle "EXT 2006"]
[Source "ChessBase"]
[SourceDate "2005.11.24"]
[SourceVersion "1"]
[SourceVersionDate "2005.11.24"]
[SourceQuality "1"]

1. e4 e6 2. d4 d5 3. e5 c5 4. c3 Nc6 5. Nf3 f6 6. Bd3 Bd7 7. O-O Qb6 8. a3 cxd4 9. cxd4 O-O-O 10. Bc2 Be7 11. Nc3 fxe5 12. dxe5 Nh6 13. b4 Rdf8 14. Be3 Qd8 15. b5 Na5 16. Bxa7 b6 17. Na4 Nc4 18. Bb3 Bxb5 19. Rc1 Bxa4 20. Bxc4 dxc4 21. Qxa4 Bc5 22. Qa6+ Kc7 23. Rxc4 Qd5 24. Bxb6+ Kd7 25. Qb5+ Ke7 26. Bxc5+ Kf7 27. Rd4 Qa8 28. Qd7+ Kg8 29. Bxf8 Qxf8 30. Qxe6+ Nf7 31. Ng5 1-0

[Event "CAN-op"]
[Site "Sackville CAN"]
[Date "2001.07.13"]
[Round "8"]
[White "Ochkoos, Jura"]
[Black "Mayo, Alvah"]
[Result "1-0"]
[WhiteElo "2285"]
[BlackElo "2103"]
[PlyCount "69"]
[GameId "2160767911564282"]
[EventDate "2001.07.07"]
[EventType "swiss"]
[EventRounds "10"]
[EventCountry "CAN"]
[SourceTitle "EXT 2002"]
[Source "ChessBase"]
[SourceDate "2001.11.25"]
[SourceVersion "1"]
[SourceVersionDate "2001.11.25"]
[SourceQuality "1"]

1. d4 g6 2. c4 Bg7 3. Nc3 c5 4. d5 Bxc3+ 5. bxc3 f5 6. e4 fxe4 7. f3 d6 8. fxe4 Qa5 9. Bd2 Nd7 10. Nf3 Ngf6 11. Qc2 Ne5 12. Nxe5 dxe5 13. Be2 Bd7 14. a4 O-O-O 15. O-O Qc7 16. a5 Kb8 17. Qd3 Bc8 18. Bg5 Rd6 19. Qe3 Ra6 20. h3 Rd8 21. Bh4 Rxa5 22. Rxa5 Qxa5 23. Bxf6 exf6 24. Rxf6 Qc7 25. Qf2 a5 26. Bd1 Rd6 27. Rf7 Rd7 28. Rf8 Ka7 29. Qf6 Rd6 30. Rxc8 Rxf6 31. Rxc7 Rb6 32. Ba4 Rb1+ 33. Kf2 Kb6 34. Rc8 Ra1 35. d6 1-0

[Event "CAN-op"]
[Site "Sackville CAN"]
[Date "2001.07.13"]
[Round "8"]
[White "Palmer, Jordan"]
[Black "Predescu, Sebastian"]
[Result "1/2-1/2"]
[WhiteElo "1765"]
[BlackElo "2025"]
[PlyCount "34"]
[GameId "2160767911564283"]
[EventDate "2001.07.07"]
[EventType "swiss"]
[EventRounds "10"]
[EventCountry "CAN"]
[SourceTitle "EXT 2006"]
[Source "ChessBase"]
[SourceDate "2005.11.24"]
[SourceVersion "1"]
[SourceVersionDate "2005.11.24"]
[SourceQuality "1"]

1. e4 c5 2. Bc4 d6 3. Nf3 Nf6 4. Nc3 Bg4 5. d3 g6 6. h3 Bxf3 7. Qxf3 Bg7 8. e5 dxe5 9. Qxb7 Nbd7 10. Bb5 O-O 11. Be3 a6 12. Ba4 Nb6 13. Bxc5 Nxa4 14. Nxa4 Qa5+ 15. Qb4 Qxb4+ 16. Bxb4 e4 17. O-O Nd5 1/2-1/2

[Event "CAN-op"]
[Site "Sackville CAN"]
[Date "2001.07.13"]
[Round "8"]
[White "Phi, Tan Trao"]
[Black "Love, Robert"]
[Result "0-1"]
[WhiteElo "1464"]
[BlackElo "1629"]
[PlyCount "82"]
[GameId "2160767911564284"]
[EventDate "2001.07.07"]
[EventType "swiss"]
[EventRounds "10"]
[EventCountry "CAN"]
[SourceTitle "EXT 2006"]
[Source "ChessBase"]
[SourceDate "2005.11.24"]
[SourceVersion "1"]
[SourceVersionDate "2005.11.24"]
[SourceQuality "1"]

1. Nf3 Nf6 2. d4 g6 3. c4 Bg7 4. Nc3 d6 5. e4 Bg4 6. Be2 O-O 7. O-O a5 8. d5 Na6 9. Nd4 Bxe2 10. Qxe2 Nd7 11. Be3 Ndc5 12. Qd2 e6 13. Bh6 e5 14. Bxg7 Kxg7 15. Nc2 Nd7 16. f4 Nac5 17. f5 Nf6 18. Rae1 Nh5 19. g3 h6 20. Re2 g5 21. Ref2 Nf6 22. Qe2 g4 23. h3 h5 24. hxg4 hxg4 25. a3 Rg8 26. Ne3 Kf8 27. Qc2 Ke7 28. b4 axb4 29. axb4 Na6 30. Rb1 Qf8 31. c5 Qh6 32. cxd6+ cxd6 33. Nc4 Rac8 34. Rh2 Qg5 35. Qe2 Rh8 36. Rxh8 Rxh8 37. Na5 Qh6 38. Nxb7 Qh1+ 39. Kf2 Rh2+ 40. Ke3 Rxe2+ 41. Kxe2 Qf3+ 0-1